书目信息 |
| 题名: |
生物分子实验教材
|
|
| 作者: | 翟朝阳 , 杨鲁川 主编 | |
| 分册: | ||
| 出版信息: | 成都 四川大学出版社 2006.08 |
|
| 页数: | 241页 | |
| 开本: | 26cm | |
| 丛书名: | ||
| 单 册: | ||
| 中图分类: | Q-33 | |
| 科图分类: | ||
| 主题词: | 免疫学--mian yi xue--实验--教材 , 分子生物学--fen zi sheng wu xue--实验--教材 , 生物化学--sheng wu hua xue--实验--教材 | |
| 电子资源: | ||
| ISBN: | 7-5614-3454-5 | |
| 000 | 00999nam0 2200265 450 | |
| 001 | 012006174994 | |
| 005 | 20070611091323.48 | |
| 010 | @a7-5614-3454-5@dCNY23.00 | |
| 100 | @a20061213d2006 km y0chiy0120 ea | |
| 101 | 0 | @achi |
| 102 | @aCN@b510000 | |
| 105 | @ak z 000yy | |
| 200 | 1 | @a生物分子实验教材@Asheng wu fen zi shi yan jiao cai@f翟朝阳, 杨鲁川主编@Fzhai chao yang,yang lu chuan zhu bian |
| 205 | @a第2版 | |
| 210 | @a成都@c四川大学出版社@d2006.08 | |
| 215 | @a241页@d26cm | |
| 330 | @a本教材的内容除包括了原有的免疫学、生物化学和分子生物学三门课程的主要实验外,还设计了一些综合性实验,并有“实验室常规技术和仪器使用”,让学者通过实验掌握较全面的实验技能。 | |
| 606 | 0 | @a免疫学@Amian yi xue@x实验@j教材 |
| 606 | 0 | @a分子生物学@Afen zi sheng wu xue@x实验@j教材 |
| 606 | 0 | @a生物化学@Asheng wu hua xue@x实验@j教材 |
| 690 | @aQ-33@v4 | |
| 701 | 0 | @a翟朝阳@Azhai chao yang@4主编 |
| 701 | 0 | @a杨鲁川@Ayang lu chuan@4主编 |
| 801 | 0 | @aCN@c20070611 |
| 905 | @a10447@dQ-33@eZ046 | |
| 生物分子实验教材/翟朝阳, 杨鲁川主编.-第2版.-成都:四川大学出版社,2006.08 |
| 241页;26cm |
| ISBN 7-5614-3454-5:CNY23.00 |
| 本教材的内容除包括了原有的免疫学、生物化学和分子生物学三门课程的主要实验外,还设计了一些综合性实验,并有“实验室常规技术和仪器使用”,让学者通过实验掌握较全面的实验技能。 |
| ● |
| 相关链接 |
|
|
|
正题名:生物分子实验教材
索取号:Q-33/Z046
 
预约/预借
| 序号 | 登录号 | 条形码 | 馆藏地/架位号 | 状态 | 备注 |
| 1 | 232388 | 202323887 | 自科库401/401自科库 23排4列5层/ [索取号:Q-33/Z046] | 在馆 | |
| 2 | 232389 | 202323896 | 自科库401/401自科库 23排4列5层/ [索取号:Q-33/Z046] | 在馆 | |
| 3 | 232390 | 202323903 | 自科库401/401自科库 23排4列5层/ [索取号:Q-33/Z046] | 在馆 |